| 000 | 00407nam a2200181Ia 4500 | ||
|---|---|---|---|
| 005 | 20240823022533.0 | ||
| 008 | 240823s9999||||xx |||||||||||||| ||und|| | ||
| 041 | _aENGLISH | ||
| 082 | _A538 K2 | ||
| 100 | _aStarling S G | ||
| 245 | 0 | _aElectricity and Magnetism | |
| 250 | _a8th | ||
| 260 |
_c1962 _b"ELBS,London" |
||
| 500 | _aYES | ||
| 650 |
_aMagnetics _bPhysics |
||
| 942 | _cBK | ||
| 999 |
_c179404 _d179404 |
||